<?xml version="1.0" encoding="UTF-8"?>
<collection xmlns="http://www.loc.gov/MARC21/slim">
 <record>
  <leader>01770nam a22002775a 4500</leader>
  <controlfield tag="001">CEM.cems024783</controlfield>
  <controlfield tag="008">250710s2023####ag############000#0#und#d</controlfield>
  <controlfield tag="005">20250825100614.0</controlfield>
  <datafield tag="245" ind1="1" ind2="0">
   <subfield code="a">Los nuevos /</subfield>
   <subfield code="c">Norma Huidobro.</subfield>
  </datafield>
  <datafield tag="250" ind1=" " ind2=" ">
   <subfield code="a">1a ed.</subfield>
  </datafield>
  <datafield tag="260" ind1=" " ind2=" ">
   <subfield code="a">Buenos Aires :</subfield>
   <subfield code="b">Norma,</subfield>
   <subfield code="c">2023.</subfield>
  </datafield>
  <datafield tag="300" ind1=" " ind2=" ">
   <subfield code="a">147 p.</subfield>
  </datafield>
  <datafield tag="490" ind1="1" ind2=" ">
   <subfield code="a">Identidades bonaerenses</subfield>
  </datafield>
  <datafield tag="490" ind1="1" ind2=" ">
   <subfield code="a">Zona libre</subfield>
  </datafield>
  <datafield tag="500" ind1=" " ind2=" ">
   <subfield code="a">Edición especial de la Dirección de Cultura y Educación de la Provincia de Buenos Aires.</subfield>
  </datafield>
  <datafield tag="500" ind1=" " ind2=" ">
   <subfield code="a">Sugerencia de edad: a partir de ciclo orientado. Requiere acompañamiento docente.</subfield>
  </datafield>
  <datafield tag="520" ind1=" " ind2=" ">
   <subfield code="a">El cadáver de Romualdo Cisneros, dueño de varios campos e inmuebles, aparece en su casa situada en una localidad de la provincia de Buenos Aires. Junto al cuerpo, el arma del crimen. Los habitantes del pueblo hablan y comentan, buscando desentrañar el motivo de esa muerte: ¿fue un asesinato? ¿Fue un suicidio, debido a la desesperación que le produjera a Cisneros la desaparición de su única hija? ¿Qué relación tiene este hecho con la llegada de dos jóvenes periodistas? Relato coral sobre un crimen sin resolver y la mecánica particular que encuentran ciertos interesados para hacerlo. Esta obra se distingue por el armado de un relato desde diferentes voces y perspectivas sobre un mismo hecho.</subfield>
  </datafield>
  <datafield tag="020" ind1=" " ind2=" ">
   <subfield code="a">9789878070827</subfield>
  </datafield>
  <datafield tag="100" ind1="1" ind2=" ">
   <subfield code="a">Huidobro, Norma.</subfield>
  </datafield>
  <datafield tag="653" ind1=" " ind2=" ">
   <subfield code="a">Narrativa argentina</subfield>
  </datafield>
  <datafield tag="653" ind1=" " ind2=" ">
   <subfield code="a">Literatura argentina</subfield>
  </datafield>
  <datafield tag="653" ind1=" " ind2=" ">
   <subfield code="a">Identidades bonaerenses</subfield>
  </datafield>
  <datafield tag="859" ind1=" " ind2=" ">
   <subfield code="a">CEMS</subfield>
   <subfield code="b">BIB. CEMS - Agricultura</subfield>
   <subfield code="h">A863.4</subfield>
   <subfield code="i">H879-2</subfield>
   <subfield code="p">A3989.25</subfield>
   <subfield code="t">Ej.1</subfield>
  </datafield>
  <datafield tag="859" ind1=" " ind2=" ">
   <subfield code="a">CEMS</subfield>
   <subfield code="b">BIB. CEMS - 11 de abril</subfield>
   <subfield code="h">A863.4</subfield>
   <subfield code="i">H879-2</subfield>
   <subfield code="p">30106.25</subfield>
   <subfield code="t">Ej.1</subfield>
  </datafield>
  <datafield tag="859" ind1=" " ind2=" ">
   <subfield code="a">CEMS</subfield>
   <subfield code="b">BIB. CEMS - Ccias. Educacion</subfield>
   <subfield code="h">A863.4</subfield>
   <subfield code="i">H879</subfield>
   <subfield code="k">CE</subfield>
   <subfield code="p">30108.25</subfield>
   <subfield code="t">Ej.1</subfield>
  </datafield>
  <datafield tag="859" ind1=" " ind2=" ">
   <subfield code="a">CEMS</subfield>
   <subfield code="b">BIB. CEMS - 11 de abril</subfield>
   <subfield code="h">A863.4</subfield>
   <subfield code="i">H879-2</subfield>
   <subfield code="p">30107.25</subfield>
   <subfield code="t">Ej.2</subfield>
  </datafield>
 </record>
</collection>
